Bezpečnosť osobných údajov

V súlade s normami EÚ bol na Slovensku v roku 2002 prijatý zákon č. 428/2002 Z.z. o ochrane osobných údajov v znení zmien a doplnkov, ktorý je najdôležitejším právnym predpisom, čo sa týka ochrany osobných údajov. Zodpovednosť za bezpečnosť osobných údajov. Bezpečnostný projekt, zámer, bezpečnostné...

Descrizione completa

Salvato in:
Dettagli Bibliografici
Autore principale: Takáčová, Oľga
Natura: Capitolo di libro
Lingua:slovacco
Soggetti:
Tags: Aggiungi Tag
Nessun Tag, puoi essere il primo ad aggiungerne!!

MARC

LEADER 00000naa$a2200000$$$4500
001 0115259
005 20231120112934.2
041 0 |a slo 
044 |a SK 
245 1 0 |a Bezpečnosť osobných údajov  |c Oľga Takáčová 
520 |a V súlade s normami EÚ bol na Slovensku v roku 2002 prijatý zákon č. 428/2002 Z.z. o ochrane osobných údajov v znení zmien a doplnkov, ktorý je najdôležitejším právnym predpisom, čo sa týka ochrany osobných údajov. Zodpovednosť za bezpečnosť osobných údajov. Bezpečnostný projekt, zámer, bezpečnostné smernice. Dozor nad ochranou osobných údajov. 
610 2 0 |a ochrana údajov osobných 
610 2 0 |a bezpečnosť 
610 2 0 |a zákony 
100 1 |a Takáčová, Oľga